LEADER 01394nam 2200409 450 001 9910479988703321 005 20220207224644.0 010 $a1-61537-310-1 035 $a(CKB)4100000011254295 035 $a(MiAaPQ)EBC6200980 035 $a(EXLCZ)994100000011254295 100 $a20200915d2020 uy 0 101 0 $aeng 135 $aurcnu|||||||| 181 $ctxt$2rdacontent 182 $cc$2rdamedia 183 $acr$2rdacarrier 200 00$aPocket guide to LGBTQ mental health $eunderstanding the spectrum of gender and sexuality /$fedited by Petros Levounis, Eric Yarbrough 210 1$aWashington, District of Columbia :$cAmerican Psychiatric Association Publishing,$d[2020] 210 4$dİ2020 215 $a1 online resource (xi, 201 pages) $cillustrations 311 $a1-61537-275-X 606 $aSexual minorities$xMental health 606 $aMental health care for LGBTQ+ people$2homoit$1https://homosaurus.org/v3/homoit0001012 608 $aElectronic books. 615 0$aSexual minorities$xMental health. 615 7$aMental health care for LGBTQ+ people. 676 $a616.8900866 702 $aLevounis$b Petros 702 $aYarbrough$b Eric$f1979- 801 0$bMiAaPQ 801 1$bMiAaPQ 801 2$bMiAaPQ 906 $aBOOK 912 $a9910479988703321 996 $aPocket guide to LGBTQ mental health$92006046 997 $aUNINA